000 00292nam a22001337a 4500
008 171005b xxu||||| |||| 00| 0 eng d
020 _a9781886693715
041 _aeng
080 _a159.9
100 _a49
101 _aPSI
245 _aTOTALLY AWESOME HEALTH
_cMEEKS, L
942 _2udc
_cBK
999 _c31949
_d31949